[Event "Atviras BTA Lietuvos RAPID2021"]
[Site "Vilnius, Lithuania"]
[Date "2021.07.17"]
[Round "8.1"]
[White "Laurusas, Tomas"]
[Black "Eigminas, Kipras"]
[Result "1-0"]
[WhiteElo "2552"]
[BlackElo "2223"]
[PlyCount "93"]

1. d4 {[%emt 0:00:00]} Nf6 {[%emt 0:00:00]} 2. c4 {[%emt 0:00:00]} c5 {[%emt 0:
00:00]} 3. d5 {[%emt 0:00:13]} g6 {[%emt 0:00:01]} 4. Nc3 {[%emt 0:00:00]} Bg7
{[%emt 0:00:02]} 5. e4 {[%emt 0:00:02]} d6 {[%emt 0:00:01]} 6. Nf3 {[%emt 0:00:
00]} O-O {[%emt 0:00:02]} 7. Be2 {[%emt 0:00:01]} e6 {[%emt 0:00:11]} 8. O-O {
[%emt 0:00:04]} exd5 {[%emt 0:00:15]} 9. cxd5 {[%emt 0:00:02]} Bg4 {[%emt 0:00:
24]} 10. h3 {[%emt 0:00:01]} Bxf3 {[%emt 0:00:02]} 11. Bxf3 {[%emt 0:00:01]} a6
{[%emt 0:00:13]} 12. a4 {[%emt 0:00:02]} Nbd7 {[%emt 0:00:01]} 13. Re1 {[%emt
0:00:03]} Re8 {[%emt 0:00:17]} 14. Bf4 {[%emt 0:00:06]} Ne5 {[%emt 0:00:02]}
15. Be2 {[%emt 0:00:00]} Qc7 {[%emt 0:00:33]} 16. Bg3 {[%emt 0:00:16]} g5 {
[%emt 0:00:47]} 17. Qd2 {[%emt 0:00:01]} h6 {[%emt 0:00:07]} 18. f4 {[%emt 0:
00:02]} gxf4 {[%emt 0:00:07]} 19. Qxf4 {[%emt 0:00:23]} Rad8 {[%emt 0:00:14]}
20. Rf1 {[%emt 0:00:11]} Ng6 {[%emt 0:00:26]} 21. Qf5 {[%emt 0:00:01]} Re7 {
[%emt 0:00:57]} 22. Kh1 {[%emt 0:00:12]} Rde8 {[%emt 0:00:02]} 23. Bd3 {[%emt
0:00:00]} c4 {[%emt 0:00:04]} 24. Bc2 {[%emt 0:00:01]} Qb6 {[%emt 0:00:26]} 25.
Rab1 {[%emt 0:00:02]} Qc5 {[%emt 0:00:14]} 26. Bf2 {[%emt 0:00:52]} Qc7 {[%emt
0:00:44]} 27. Be3 {[%emt 0:00:05]} Nh4 {[%emt 0:01:21]} 28. Qf2 {[%emt 0:00:02]
} Ng6 {[%emt 0:00:02]} 29. Bd4 {[%emt 0:00:16]} Ne5 {[%emt 0:00:00]} 30. Rbe1 {
[%emt 0:00:11]} Nfd7 {[%emt 0:00:29]} 31. Nd1 {[%emt 0:00:26]} Nc5 {[%emt 0:00:
40]} 32. Qg3 {[%emt 0:00:13]} Ng6 {[%emt 0:00:23]} 33. Bxg7 {[%emt 0:00:14]}
Kxg7 {[%emt 0:00:02]} 34. Ne3 {[%emt 0:00:04]} Re5 {[%emt 0:01:40]} 35. Nf5+ {
[%emt 0:00:03]} Kh7 {[%emt 0:00:31]} 36. Qe3 {[%emt 0:00:02]} Rxf5 {[%emt 0:00:
07]} 37. Rxf5 {[%emt 0:00:01]} Kg7 {[%emt 0:00:10]} 38. Ref1 {[%emt 0:00:08]}
Ne5 {[%emt 0:00:17]} 39. Rf6 {[%emt 0:00:32]} Rh8 {[%emt 0:00:04]} 40. Qg3+ {
[%emt 0:00:31]} Kf8 {[%emt 0:00:01]} 41. Qh4 {[%emt 0:00:24]} Kg7 {[%emt 0:00:
01]} 42. R1f5 {[%emt 0:00:35]} Qd8 {[%emt 0:01:01]} 43. Qg3+ {[%emt 0:00:17]}
Kf8 {[%emt 0:00:01]} 44. Qf4 {[%emt 0:00:02]} Kg7 {[%emt 0:00:10]} 45. Rxf7+ {
[%emt 0:00:30]} Nxf7 {[%emt 0:00:02]} 46. Rxf7+ {[%emt 0:00:00]} Kg8 {[%emt 0:
00:06]} 47. Qf5 {[%emt 0:00:01]} 1-0

[Event "Atviras BTA Lietuvos RAPID2021"]
[Site "Vilnius, Lithuania"]
[Date "2021.07.17"]
[Round "8.2"]
[White "Indriunas, Matas"]
[Black "Sulskis, Sarunas"]
[Result "1/2-1/2"]
[WhiteElo "2022"]
[BlackElo "2538"]
[PlyCount "128"]

1. e4 {[%emt 0:00:04]} Nf6 {[%emt 0:00:05]} 2. e5 {[%emt 0:00:03]} Nd5 {[%emt
0:00:02]} 3. d4 {[%emt 0:00:02]} d6 {[%emt 0:00:02]} 4. Nf3 {[%emt 0:00:02]}
dxe5 {[%emt 0:00:03]} 5. Nxe5 {[%emt 0:00:10]} Nd7 {[%emt 0:00:03]} 6. Nxd7 {
[%emt 0:02:42]} Qxd7 {[%emt 0:00:18]} 7. c4 {[%emt 0:00:16]} Nf6 {[%emt 0:00:
18]} 8. Nc3 {[%emt 0:00:10]} e5 {[%emt 0:01:36]} 9. dxe5 {[%emt 0:00:29]} Qxd1+
{[%emt 0:00:14]} 10. Nxd1 {[%emt 0:00:04]} Ng4 {[%emt 0:00:26]} 11. f4 {[%emt
0:00:07]} f6 {[%emt 0:01:00]} 12. h3 {[%emt 0:00:16]} Nh6 {[%emt 0:00:06]} 13.
exf6 {[%emt 0:00:08]} Nf5 {[%emt 0:01:03]} 14. g4 {[%emt 0:01:06]} Nd4 {[%emt
0:00:40]} 15. Bd3 {[%emt 0:00:45]} gxf6 {[%emt 0:00:41]} 16. Be3 {[%emt 0:00:
09]} c5 {[%emt 0:01:04]} 17. Nc3 {[%emt 0:00:14]} Kf7 {[%emt 0:00:19]} 18.
O-O-O {[%emt 0:00:33]} h5 {[%emt 0:00:00]} 19. g5 {[%emt 0:00:15]} Nf5 {[%emt
0:00:26]} 20. Bf2 {[%emt 0:00:15]} Bd6 {[%emt 0:00:11]} 21. Nd5 {[%emt 0:00:18]
} Be6 {[%emt 0:00:36]} 22. Kb1 {[%emt 0:00:32]} Bxd5 {[%emt 0:00:36]} 23. cxd5
{[%emt 0:00:03]} Nd4 {[%emt 0:00:05]} 24. g6+ {[%emt 0:00:21]} Kg7 {[%emt 0:00:
01]} 25. Bxd4 {[%emt 0:00:59]} cxd4 {[%emt 0:00:02]} 26. Bf5 {[%emt 0:00:24]}
Bxf4 {[%emt 0:00:18]} 27. Rxd4 {[%emt 0:00:03]} Be5 {[%emt 0:00:05]} 28. Rd2 {
[%emt 0:00:04]} Rhd8 {[%emt 0:00:11]} 29. Rhd1 {[%emt 0:00:10]} Rd6 {[%emt 0:
00:08]} 30. Rc2 {[%emt 0:00:16]} Rb6 {[%emt 0:00:18]} 31. Rcd2 {[%emt 0:00:40]}
Rd8 {[%emt 0:00:04]} 32. a3 {[%emt 0:00:21]} Bf4 {[%emt 0:00:37]} 33. Re2 {
[%emt 0:00:05]} Be5 {[%emt 0:00:05]} 34. Ka2 {[%emt 0:00:12]} Rb5 {[%emt 0:00:
18]} 35. Red2 {[%emt 0:00:08]} Rd6 {[%emt 0:00:20]} 36. Be4 {[%emt 0:00:02]}
Rbb6 {[%emt 0:00:08]} 37. Rc1 {[%emt 0:00:05]} Rd8 {[%emt 0:00:06]} 38. Rc4 {
[%emt 0:00:22]} Rd7 {[%emt 0:00:20]} 39. Rc8 {[%emt 0:00:11]} Rc7 {[%emt 0:00:
08]} 40. Rxc7+ {[%emt 0:00:05]} Bxc7 {[%emt 0:00:01]} 41. b4 {[%emt 0:00:07]}
Be5 {[%emt 0:00:06]} 42. Kb3 {[%emt 0:00:03]} a5 {[%emt 0:00:03]} 43. Kc4 {
[%emt 0:00:03]} axb4 {[%emt 0:00:03]} 44. axb4 {[%emt 0:00:02]} Ra6 {[%emt 0:
00:05]} 45. Kb5 {[%emt 0:00:11]} Rd6 {[%emt 0:00:08]} 46. Kc5 {[%emt 0:00:03]}
b6+ {[%emt 0:00:03]} 47. Kb5 {[%emt 0:00:02]} Kh6 {[%emt 0:00:06]} 48. Rg2 {
[%emt 0:00:02]} f5 {[%emt 0:00:06]} 49. Bxf5 {[%emt 0:00:05]} Rxd5+ {[%emt 0:
00:01]} 50. Kc6 {[%emt 0:00:04]} Rd6+ {[%emt 0:00:06]} 51. Kb7 {[%emt 0:00:01]}
Rf6 {[%emt 0:00:09]} 52. g7 {[%emt 0:00:04]} Rf7+ {[%emt 0:00:04]} 53. Kxb6 {
[%emt 0:00:03]} Rxg7 {[%emt 0:00:05]} 54. Re2 {[%emt 0:00:05]} Bd4+ {[%emt 0:
00:02]} 55. Kc6 {[%emt 0:00:02]} Rf7 {[%emt 0:00:04]} 56. Re6+ {[%emt 0:00:03]}
Rf6 {[%emt 0:00:06]} 57. Rxf6+ {[%emt 0:00:09]} Bxf6 {[%emt 0:00:02]} 58. Kd5 {
[%emt 0:00:02]} h4 {[%emt 0:00:03]} 59. b5 {[%emt 0:00:02]} Bd8 {[%emt 0:00:02]
} 60. Bg4 {[%emt 0:00:10]} Kg7 {[%emt 0:00:02]} 61. Kc6 {[%emt 0:00:07]} Kf6 {
[%emt 0:00:02]} 62. b6 {[%emt 0:00:10]} Bxb6 {[%emt 0:00:01]} 63. Kxb6 {[%emt
0:00:02]} Kf7 {[%emt 0:00:01]} 64. Kc5 {[%emt 0:00:07]} Ke8 {[%emt 0:00:04]}
1/2-1/2

[Event "Atviras BTA Lietuvos RAPID2021"]
[Site "Vilnius, Lithuania"]
[Date "2021.07.17"]
[Round "8.3"]
[White "Narmontas, Tauras"]
[Black "Pultinevicius, Paulius"]
[Result "0-1"]
[WhiteElo "2222"]
[BlackElo "2519"]
[PlyCount "78"]

1. d4 {[%emt 0:00:04]} Nf6 {[%emt 0:00:00]} 2. Nc3 {[%emt 0:00:05]} d5 {[%emt
0:00:00]} 3. Bf4 {[%emt 0:00:04]} c5 {[%emt 0:00:01]} 4. e3 {[%emt 0:00:14]}
cxd4 {[%emt 0:00:01]} 5. exd4 {[%emt 0:00:20]} a6 {[%emt 0:00:00]} 6. Bd3 {
[%emt 0:01:16]} Bg4 {[%emt 0:00:02]} 7. Nce2 {[%emt 0:01:33]} Nc6 {[%emt 0:00:
02]} 8. c3 {[%emt 0:00:02]} e6 {[%emt 0:00:01]} 9. Qd2 {[%emt 0:01:20]} Bd6 {
[%emt 0:00:02]} 10. h3 {[%emt 0:00:04]} Bh5 {[%emt 0:00:01]} 11. Ng3 {[%emt 0:
00:20]} Bg6 {[%emt 0:00:02]} 12. Bxg6 {[%emt 0:00:38]} hxg6 {[%emt 0:00:02]}
13. Nf3 {[%emt 0:00:04]} Qc7 {[%emt 0:00:01]} 14. Bxd6 {[%emt 0:00:16]} Qxd6 {
[%emt 0:00:02]} 15. O-O {[%emt 0:00:05]} Nd7 {[%emt 0:00:06]} 16. Rfe1 {[%emt
0:00:07]} O-O {[%emt 0:00:11]} 17. Qg5 {[%emt 0:00:22]} Qe7 {[%emt 0:00:02]}
18. Qf4 {[%emt 0:00:32]} b5 {[%emt 0:00:05]} 19. Re3 {[%emt 0:01:07]} Rfc8 {
[%emt 0:00:02]} 20. Rae1 {[%emt 0:00:32]} a5 {[%emt 0:00:00]} 21. h4 {[%emt 0:
00:16]} Nf6 {[%emt 0:00:27]} 22. Qg5 {[%emt 0:00:09]} b4 {[%emt 0:00:05]} 23.
h5 {[%emt 0:00:04]} Nxh5 {[%emt 0:00:04]} 24. Qg4 {[%emt 0:00:53]} Nf6 {[%emt
0:00:13]} 25. Qh4 {[%emt 0:00:06]} Nh7 {[%emt 0:00:02]} 26. Qg4 {[%emt 0:00:13]
} a4 {[%emt 0:00:02]} 27. Ne2 {[%emt 0:00:10]} Nf6 {[%emt 0:00:06]} 28. Qh3 {
[%emt 0:00:02]} Ne4 {[%emt 0:00:04]} 29. Ng3 {[%emt 0:00:12]} f5 {[%emt 0:00:
02]} 30. Nh4 {[%emt 0:00:33]} Qf6 {[%emt 0:00:11]} 31. f3 {[%emt 0:00:15]} Ng5
{[%emt 0:00:08]} 32. Qh2 {[%emt 0:00:13]} f4 {[%emt 0:00:01]} 33. Re5 {[%emt 0:
00:03]} Nxe5 {[%emt 0:00:02]} 34. Rxe5 {[%emt 0:00:04]} fxg3 {[%emt 0:00:01]}
35. Qxg3 {[%emt 0:00:02]} Nf7 {[%emt 0:00:00]} 36. Nxg6 {[%emt 0:00:08]} Nxe5 {
[%emt 0:00:09]} 37. dxe5 {[%emt 0:00:01]} Qf7 {[%emt 0:00:02]} 38. Qg5 {[%emt
0:00:06]} Re8 {[%emt 0:00:18]} 39. Qh5 {[%emt 0:00:15]} Qf5 {[%emt 0:00:02]}
0-1

[Event "Atviras BTA Lietuvos RAPID2021"]
[Site "Vilnius, Lithuania"]
[Date "2021.07.17"]
[Round "8.5"]
[White "Stremavicius, Pijus"]
[Black "Sakalauskas, Vaidas"]
[Result "1/2-1/2"]
[WhiteElo "2157"]
[BlackElo "2359"]
[PlyCount "111"]

1. d4 {[%emt 0:06:58]} Nf6 {[%emt 0:00:01]} 2. c4 {[%emt 0:00:05]} g6 3. Nc3 {
[%emt 0:00:05]} d5 {[%emt 0:00:10]} 4. Nf3 {[%emt 0:00:39]} Bg7 {[%emt 0:00:01]
} 5. e3 {[%emt 0:00:07]} O-O {[%emt 0:00:05]} 6. cxd5 {[%emt 0:00:10]} Nxd5 {
[%emt 0:00:02]} 7. Bc4 {[%emt 0:00:02]} Nb6 {[%emt 0:00:14]} 8. Bb3 {[%emt 0:
00:02]} c5 {[%emt 0:00:00]} 9. O-O {[%emt 0:00:08]} cxd4 {[%emt 0:00:29]} 10.
exd4 {[%emt 0:00:01]} Nc6 {[%emt 0:01:39]} 11. d5 {[%emt 0:00:02]} Na5 {[%emt
0:00:05]} 12. Re1 {[%emt 0:00:35]} Nxb3 {[%emt 0:02:05]} 13. axb3 {[%emt 0:00:
02]} e6 {[%emt 0:00:56]} 14. d6 {[%emt 0:00:35]} Bd7 {[%emt 0:00:08]} 15. Bg5 {
[%emt 0:01:32]} f6 {[%emt 0:00:08]} 16. Be3 {[%emt 0:00:35]} Re8 {[%emt 0:00:
56]} 17. Qd2 {[%emt 0:02:14]} Bc6 {[%emt 0:01:33]} 18. Red1 {[%emt 0:00:53]}
Nd5 {[%emt 0:00:08]} 19. Nd4 {[%emt 0:00:10]} Qxd6 {[%emt 0:00:13]} 20. Nxc6 {
[%emt 0:00:02]} bxc6 {[%emt 0:00:11]} 21. Bxa7 {[%emt 0:00:21]} Qb4 {[%emt 0:
00:38]} 22. Be3 {[%emt 0:00:53]} Qxb3 {[%emt 0:00:10]} 23. Ne4 {[%emt 0:00:26]}
f5 {[%emt 0:00:07]} 24. Nc5 {[%emt 0:00:19]} Qxb2 {[%emt 0:00:05]} 25. Rxa8 {
[%emt 0:00:10]} Rxa8 {[%emt 0:00:00]} 26. Nxe6 {[%emt 0:00:02]} Nxe3 {[%emt 0:
00:52]} 27. fxe3 {[%emt 0:00:20]} Qxd2 {[%emt 0:00:24]} 28. Rxd2 {[%emt 0:00:
00]} Re8 {[%emt 0:00:02]} 29. Nxg7 {[%emt 0:00:50]} Kxg7 {[%emt 0:00:01]} 30.
Rd7+ {[%emt 0:00:02]} Kf6 {[%emt 0:00:04]} 31. Rxh7 {[%emt 0:00:18]} Rxe3 {
[%emt 0:00:02]} 32. Rc7 {[%emt 0:00:01]} Rc3 {[%emt 0:00:01]} 33. Kf2 {[%emt 0:
00:07]} g5 {[%emt 0:00:01]} 34. h3 {[%emt 0:00:04]} Ke5 {[%emt 0:00:04]} 35. g3
{[%emt 0:00:43]} f4 {[%emt 0:00:23]} 36. gxf4+ {[%emt 0:00:01]} Kxf4 {[%emt 0:
00:01]} 37. Rf7+ {[%emt 0:00:05]} Ke4 {[%emt 0:00:01]} 38. Re7+ {[%emt 0:00:18]
} Kd4 {[%emt 0:00:06]} 39. Rg7 {[%emt 0:00:06]} Rxh3 {[%emt 0:00:47]} 40. Rxg5
{[%emt 0:00:01]} c5 {[%emt 0:00:14]} 41. Ke2 {[%emt 0:00:03]} c4 {[%emt 0:00:
09]} 42. Kd2 {[%emt 0:00:02]} Rh2+ {[%emt 0:00:02]} 43. Kc1 {[%emt 0:00:07]}
Kc3 {[%emt 0:00:00]} 44. Rg3+ {[%emt 0:00:05]} Kb4 {[%emt 0:00:01]} 45. Rf3 {
[%emt 0:00:13]} Re2 {[%emt 0:00:01]} 46. Rg3 {[%emt 0:00:02]} Ra2 {[%emt 0:00:
01]} 47. Rh3 {[%emt 0:00:04]} Ra1+ {[%emt 0:00:00]} 48. Kb2 {[%emt 0:00:02]}
Rg1 {[%emt 0:00:02]} 49. Kc2 {[%emt 0:00:02]} Rg2+ {[%emt 0:00:03]} 50. Kc1 {
[%emt 0:00:01]} Rg4 {[%emt 0:00:03]} 51. Rf3 {[%emt 0:00:02]} Rd4 {[%emt 0:00:
01]} 52. Kc2 {[%emt 0:00:03]} Rh4 {[%emt 0:00:05]} 53. Rg3 {[%emt 0:00:02]}
Rh2+ {[%emt 0:00:01]} 54. Kc1 {[%emt 0:00:01]} c3 {[%emt 0:00:02]} 55. Rg8 {
[%emt 0:00:02]} Kb3 {[%emt 0:00:01]} 56. Rb8+ {[%emt 0:00:01]} 1/2-1/2

[Event "Atviras BTA Lietuvos RAPID2021"]
[Site "Vilnius, Lithuania"]
[Date "2021.07.17"]
[Round "8.6"]
[White "Vardanyan, Aras"]
[Black "Grabliauskas, Virginijus"]
[Result "1-0"]
[WhiteElo "2216"]
[BlackElo "2308"]
[PlyCount "57"]

1. e4 {[%emt 0:00:02]} c6 {[%emt 0:00:21]} 2. Nc3 {[%emt 0:00:02]} d5 {[%emt 0:
00:01]} 3. Nf3 {[%emt 0:00:02]} Bg4 {[%emt 0:00:04]} 4. h3 {[%emt 0:00:02]}
Bxf3 {[%emt 0:00:03]} 5. Qxf3 {[%emt 0:00:02]} e6 {[%emt 0:00:49]} 6. d3 {
[%emt 0:00:30]} Nd7 {[%emt 0:00:49]} 7. Be2 {[%emt 0:00:21]} Bd6 {[%emt 0:00:
45]} 8. g3 {[%emt 0:00:50]} Ne7 {[%emt 0:00:12]} 9. O-O {[%emt 0:00:06]} O-O {
[%emt 0:00:17]} 10. d4 {[%emt 0:00:12]} Bc7 {[%emt 0:01:29]} 11. Bd3 {[%emt 0:
00:39]} Bb6 {[%emt 0:00:30]} 12. exd5 {[%emt 0:00:11]} cxd5 {[%emt 0:00:09]}
13. Ne2 {[%emt 0:00:02]} Nc6 {[%emt 0:00:57]} 14. c3 {[%emt 0:00:01]} Bc7 {
[%emt 0:00:02]} 15. h4 {[%emt 0:00:52]} Rb8 {[%emt 0:00:05]} 16. Bg5 {[%emt 0:
00:07]} Qe8 {[%emt 0:00:56]} 17. Rfe1 {[%emt 0:00:03]} b5 {[%emt 0:00:16]} 18.
Nf4 {[%emt 0:00:09]} Qc8 {[%emt 0:00:19]} 19. Qh5 {[%emt 0:00:40]} g6 {[%emt 0:
00:12]} 20. Nxg6 {[%emt 0:00:10]} fxg6 {[%emt 0:00:14]} 21. Bxg6 {[%emt 0:00:
02]} hxg6 {[%emt 0:01:01]} 22. Qxg6+ {[%emt 0:00:02]} Kh8 {[%emt 0:00:01]} 23.
Rxe6 {[%emt 0:00:03]} Nde5 {[%emt 0:00:14]} 24. Bf6+ {[%emt 0:00:13]} Rxf6 {
[%emt 0:00:04]} 25. Qxf6+ {[%emt 0:00:02]} Kg8 {[%emt 0:00:15]} 26. Qg5+ {
[%emt 0:00:08]} Kf8 {[%emt 0:00:16]} 27. Qh6+ {[%emt 0:00:07]} Kf7 {[%emt 0:00:
33]} 28. Rf6+ {[%emt 0:00:12]} Ke7 {[%emt 0:00:14]} 29. Qg7+ {[%emt 0:00:04]}
1-0

[Event "Atviras BTA Lietuvos RAPID2021"]
[Site "Vilnius, Lithuania"]
[Date "2021.07.17"]
[Round "8.7"]
[White "Ziogas, Modestas"]
[Black "Vedrickas, Tautvydas"]
[Result "1-0"]
[WhiteElo "2106"]
[BlackElo "2235"]
[PlyCount "63"]

1. d4 {[%emt 0:00:02]} b5 {[%emt 0:00:08]} 2. Nf3 {[%emt 0:00:23]} Bb7 {[%emt
0:00:03]} 3. Bg5 {[%emt 0:00:08]} g6 {[%emt 0:00:35]} 4. Qd3 {[%emt 0:00:18]}
a6 {[%emt 0:00:18]} 5. Nc3 {[%emt 0:00:16]} Bg7 {[%emt 0:00:18]} 6. h4 {[%emt
0:00:09]} h6 {[%emt 0:00:16]} 7. Bf4 {[%emt 0:00:08]} Nf6 {[%emt 0:00:19]} 8.
O-O-O {[%emt 0:00:16]} b4 {[%emt 0:01:10]} 9. Na4 {[%emt 0:00:02]} d6 {[%emt 0:
00:06]} 10. Qd2 {[%emt 0:00:36]} a5 {[%emt 0:01:12]} 11. b3 {[%emt 0:01:30]}
Bc6 {[%emt 0:00:40]} 12. e4 {[%emt 0:00:37]} Bxa4 {[%emt 0:00:51]} 13. bxa4 {
[%emt 0:00:04]} Nxe4 {[%emt 0:00:03]} 14. Qe3 {[%emt 0:00:17]} Nc3 {[%emt 0:00:
10]} 15. Bc4 {[%emt 0:00:01]} Qd7 {[%emt 0:01:03]} 16. Rde1 {[%emt 0:00:14]} c6
{[%emt 0:01:23]} 17. Bb3 {[%emt 0:00:10]} Na6 {[%emt 0:00:09]} 18. Nd2 {[%emt
0:00:15]} c5 {[%emt 0:00:26]} 19. Nc4 {[%emt 0:00:26]} cxd4 {[%emt 0:01:10]}
20. Qd2 {[%emt 0:00:46]} O-O {[%emt 0:00:28]} 21. Bxh6 {[%emt 0:00:07]} e5 {
[%emt 0:00:31]} 22. Bxg7 {[%emt 0:00:11]} Kxg7 {[%emt 0:00:01]} 23. h5 {[%emt
0:00:00]} Rh8 {[%emt 0:00:15]} 24. Nb6 {[%emt 0:00:21]} Qb7 {[%emt 0:00:06]}
25. Nxa8 {[%emt 0:00:05]} Qxa8 {[%emt 0:00:05]} 26. hxg6 {[%emt 0:00:06]} fxg6
{[%emt 0:00:02]} 27. Qg5 {[%emt 0:00:12]} Qd8 {[%emt 0:00:17]} 28. Qg4 {[%emt
0:00:19]} Nc5 {[%emt 0:00:03]} 29. f4 {[%emt 0:00:37]} Rxh1 {[%emt 0:00:14]}
30. Rxh1 {[%emt 0:00:02]} exf4 {[%emt 0:00:07]} 31. Qh3 {[%emt 0:00:26]} Qg5 {
[%emt 0:00:11]} 32. Qh8# {[%emt 0:00:04]} 1-0

[Event "Atviras BTA Lietuvos RAPID2021"]
[Site "Vilnius, Lithuania"]
[Date "2021.07.17"]
[Round "8.8"]
[White "Limontas, Martynas"]
[Black "Bagdanskis, Dangis"]
[Result "1-0"]
[WhiteElo "2294"]
[BlackElo "1897"]
[PlyCount "66"]

1. d4 {[%emt 0:00:02]} d5 {[%emt 0:00:00]} 2. Nc3 {[%emt 0:00:03]} Nf6 {[%emt
0:00:04]} 3. Bf4 {[%emt 0:00:03]} c6 {[%emt 0:00:06]} 4. e3 {[%emt 0:00:14]}
Bg4 {[%emt 0:00:11]} 5. f3 {[%emt 0:00:02]} Bh5 {[%emt 0:00:02]} 6. g4 {[%emt
0:00:01]} Bg6 {[%emt 0:00:01]} 7. h4 {[%emt 0:00:00]} h5 {[%emt 0:00:36]} 8. g5
{[%emt 0:00:02]} Nfd7 {[%emt 0:00:28]} 9. Qd2 {[%emt 0:02:13]} e6 {[%emt 0:00:
02]} 10. Bg3 {[%emt 0:00:33]} a6 {[%emt 0:00:35]} 11. e4 {[%emt 0:00:31]} Bb4 {
[%emt 0:00:14]} 12. Bd3 {[%emt 0:01:08]} Nb6 {[%emt 0:00:56]} 13. Nge2 {[%emt
0:00:06]} Na4 {[%emt 0:01:42]} 14. a3 {[%emt 0:00:18]} Bxc3 {[%emt 0:00:58]}
15. bxc3 {[%emt 0:00:05]} b5 {[%emt 0:00:16]} 16. Nf4 {[%emt 0:00:28]} Bh7 {
[%emt 0:01:14]} 17. Nxh5 {[%emt 0:00:23]} Kf8 {[%emt 0:01:32]} 18. Be5 {[%emt
0:01:12]} Rg8 {[%emt 0:00:15]} 19. Rf1 {[%emt 0:03:27]} c5 {[%emt 0:00:11]} 20.
exd5 {[%emt 0:00:02]} Bxd3 {[%emt 0:00:02]} 21. Qxd3 {[%emt 0:00:00]} Qxd5 {
[%emt 0:00:35]} 22. Qh7 {[%emt 0:00:01]} Nd7 {[%emt 0:00:17]} 23. Bxg7+ {[%emt
0:00:02]} Ke7 {[%emt 0:00:07]} 24. Nf6 {[%emt 0:00:27]} Nxf6 {[%emt 0:00:15]}
25. Bxf6+ {[%emt 0:00:19]} Kd6 {[%emt 0:00:07]} 26. Qxf7 {[%emt 0:00:09]} Rgc8
{[%emt 0:00:18]} 27. Be5+ {[%emt 0:00:15]} Kc6 {[%emt 0:00:01]} 28. g6 {[%emt
0:00:12]} Nxc3 {[%emt 0:00:10]} 29. g7 {[%emt 0:00:05]} Qd7 {[%emt 0:00:41]}
30. Qxd7+ {[%emt 0:00:04]} Kxd7 {[%emt 0:00:01]} 31. h5 {[%emt 0:00:01]} Nd5 {
[%emt 0:00:14]} 32. h6 {[%emt 0:00:03]} Ne3 {[%emt 0:00:02]} 33. h7 {[%emt 0:
00:14]} Nf5 {[%emt 0:00:23]} 1-0